书目信息 |
| 题名: |
从零开始学机械
|
|
| 作者: | 门田和雄 著 ;李牧 , 李连进 译 | |
| 分册: | ||
| 出版信息: | 北京 化学工业出版社 2017.01 |
|
| 页数: | 203页 | |
| 开本: | 21cm | |
| 丛书名: | ||
| 单 册: | ||
| 中图分类: | TH11 | |
| 科图分类: | ||
| 主题词: | 机械学--基本知识 | |
| 电子资源: | ||
| ISBN: | 978-7-122-27872-2 | |
| 000 | 01096nam0 2200265 450 | |
| 001 | 0100004507 | |
| 005 | 20171208101830.28 | |
| 010 | @a978-7-122-27872-2@dCNY29.80 | |
| 100 | @a20170104d2017 em y0chiy50 ea | |
| 101 | 1 | @achi@cjpn |
| 102 | @aCN@b110000 | |
| 105 | @aa z 000yy | |
| 200 | 1 | @a从零开始学机械@Acong ling kai shi xue ji xie@e学习机械技术,培养创新创造能力@f(日)门田和雄著@g李牧,李连进译 |
| 210 | @a北京@c化学工业出版社@d2017.01 | |
| 215 | @a203页@c图@d21cm | |
| 330 | @a本书通俗易懂地介绍了机械工程的基本概念和知识,主要包括机械的运动机构、制造方法、常用的材料、使用环境、传感器与执行元件、控制方法等。 | |
| 333 | @a本书既可供相关专业的大专院校师生参考,亦可作为对机械产品或机械装备感兴趣的人员学习机械的简易指南书 | |
| 517 | 1 | @a学习机械技术,培养创新创造能力@Axue xi ji xie ji shu , pei yang chuang xin chuang zao neng li |
| 606 | 0 | @a机械学@x基本知识 |
| 690 | @aTH11@v5 | |
| 701 | 0 | @c(日)@a门田和雄@Amen tian he xiong@4著 |
| 702 | 0 | @a李牧@Ali mu@4译 |
| 702 | 0 | @a李连进@Ali lian jin@4译 |
| 801 | 0 | @aCN@c201701015 |
| 905 | @a河南城建学院图书馆@dTH11@eM553 | |
| 从零开始学机械:学习机械技术,培养创新创造能力/(日)门田和雄著/李牧,李连进译.-北京:化学工业出版社,2017.01 |
| 203页:图;21cm |
| 使用对象:本书既可供相关专业的大专院校师生参考,亦可作为对机械产品或机械装备感兴趣的人员学习机械的简易指南书 |
| ISBN 978-7-122-27872-2:CNY29.80 |
| 本书通俗易懂地介绍了机械工程的基本概念和知识,主要包括机械的运动机构、制造方法、常用的材料、使用环境、传感器与执行元件、控制方法等。 |
| ● |
| 相关链接 |
|
|
|
正题名:从零开始学机械
索取号:TH11/M553
 
预约/预借
| 序号 | 登录号 | 条形码 | 馆藏地/架位号 | 状态 | 备注 |
| 1 | 1237093 | 212370931 | 电气与控制工程学院资料室/ [索取号:TH11/M553] | 在馆 | |
| 2 | 1333849 | 213338495 | 自科库501/501自科库 31排4列1层/ [索取号:TH11/M553] | 在馆 | |
| 3 | 1333850 | 213338501 | 自科库501/501自科库 31排4列1层/ [索取号:TH11/M553] | 在馆 |